000
00356nam a2200157Ia 4500
008
221030s9999 xx 000 0 und d
020
_a
8176486191
041
_a
English
082
_a
105.23
_b
Red
100
_a
R. J. Reddy
245
0
_a
Management Accounting
260
_b
APH Pub
_a
New Delhi
_c
2004
300
_a
244
650
_a
Management
942
_c
BK
999
_c
384
_d
384